I 10 comuni più popolosi della Campania - Statistics

Statistiche generali
  • Questo quiz è stato fatto 98 volte
  • Il punteggio medio è 8 su 10
Statistiche sulle risposte
POPOLAZIONE COMUNE % Corretto
911.967 Napoli
100%
72.485 Caserta
98%
126.625 Salerno
96%
123.998 Giugliano
80%
80.093 Torre del Greco
73%
76.211 Pozzuoli
70%
61.586 Afragola
65%
62.367 Castellammare di Stabia
65%
73.807 Casoria
60%
58.444 Acerra
54%
Nessun quiz corrispondente trovato
Distribuzione punteggi
Percentuale di utenti per punteggio
Percentile per numero di risposta
I tuoi punteggi nel tempo
Non hai fatto questo quiz